| 000 | 01142nam a22003017a 4500 | ||
|---|---|---|---|
| 001 | 6538 | ||
| 003 | FISKH | ||
| 005 | 20251126120353.0 | ||
| 008 | 250508b cb ||||| |||| 00| 0 eng d | ||
| 020 | _a9780545822138 | ||
| 040 |
_aFISKH _beng _cFISKH _dFISKH |
||
| 050 | _a PZ7.L979135 W | ||
| 082 | _a813.6 | ||
| 100 | _aLuper, Eric | ||
| 245 |
_aKey hunters : _bThe Wizzard's war / _cBy Eric Luper ; Illustrated by Lisa K.Weber |
||
| 250 | _aThis edition first published in 2017 | ||
| 260 |
_aNew York : _bScholastic, _c2017 |
||
| 300 |
_a115 pages : _billustrations ; _c20 cm |
||
| 505 | _aN | ||
| 520 | _aThis time Cleo, Evan, and Ms. Crowley (who, it turns out, is the missing Ms. Hilliard's sister) find themselves in a confusing fantasy book, caught up in a war with wizards, elves, trolls, and the mighty Golden Dragon--and while they manage to find their missing librarian, their quest does not end there. | ||
| 521 | 8 |
_a540
_bLexile |
|
| 521 | 8 |
_aN
_bRaz-Plus |
|
| 650 |
_2Adventure _aLibrarians |
||
| 650 |
_2Paperback _aMystery |
||
| 700 |
_aK.Weber, Lisa _dillustrator |
||
| 942 |
_2ddc _cBK _n0 |
||
| 999 |
_c6538 _d6538 |
||